LDR 01035nam a2200253 i 4500 001 000000180299 003 CaOOAMICUS 005 20090706000000.0 008 090706s1940 it u000 u ita u 013 $a157944 040 $aSeMil$bita 100 1 $aRosmini, Antonio,$c
.$0(OLS)http://semarc/name/405 245 10$a6 /$cAntonio Rosmini ; con aggiunte inedite a cura di Carlo Gray. 260 $aMilano :$bFratelli Bocca,$c1940. 300 $a373 p. ;$c25 cm. 500 $aEsempl. n. 264 di 800 copie num. 700 1 $aGray, Carlo.$0(OLS)http://semarc/name/9667 773 0 $aRosmini, Antonio
$tTeosofia.$dRoma : Edizioni Roma : [poi]... Milano ; Fratelli Bocca, 1938-1940.$w()21623 850 $aSeMil 852 $aSeMil$W1$xVenegono$y1$m2QA A 12$j272445$B131048$CSeMilBibl$Z2$F142950 $81 900 1 $aRosmini Serbati, Antonio. 996 $6245$a6$9(OLS)http://semarc/title/256223 996 $6260$aMilano :$bFratelli Bocca$9(OLS)http://semarc/publisher/32243